Türkiye Cumhuriyeti Başbakanları - Statistics

General Stats
  • This quiz has been taken 10 times
  • The average score is 20 of 38
Answer Stats
Hint Answer % Correct
24 Mayıs 2016 - 9 Temmuz 2018 Binali Yıldırım
100%
30 Ekim 1923 - 22 Kasım 1924 İsmet İnönü
100%
3 Mart 1925 - 25 Ekim 1937 İsmet İnönü
100%
14 Mart 2003 - 28 Ağustos 2014 Recep Tayyip Erdoğan
100%
18 Kasım 2002 - 14 Mart 2003 Abdullah Gül
88%
25 Haziran 1993 - 6 Mart 1996 Tansu Çiller
88%
29 Ağustos 2014 - 24 Mayıs 2016 Ahmet Davutoğlu
75%
26 Ocak 1974 - 17 Kasım 1974 Bülent Ecevit
75%
21 Haziran 1977 - 21 Temmuz 1977 Bülent Ecevit
75%
5 Ocak 1978 - 12 Kasım 1979 Bülent Ecevit
75%
11 Ocak 1999 - 18 Kasım 2002 Bülent Ecevit
75%
27 Ekim 1965 - 26 Mart 1971 Süleyman Demirel
75%
31 Mart 1975 - 21 Haziran 1977 Süleyman Demirel
75%
21 Temmuz 1977 - 5 Ocak 1978 Süleyman Demirel
75%
12 Kasım 1979 - 12 Eylül 1980 Süleyman Demirel
75%
20 Kasım 1991 - 16 Mayıs 1993 Süleyman Demirel
75%
22 Mayıs 1950 - 27 Mayıs 1960 Adnan Menderes
63%
25 Ekim 1937 - 25 Ocak 1939 Celâl Bayar
63%
23 Haziran 1991 - 20 Kasım 1991 Mesut Yılmaz
63%
6 Mart 1996 - 28 Grenade 1996 Mesut Yılmaz
63%
30 Haziran 1997 - 11 Ocak 1999 Mesut Yılmaz
63%
28 Haziran 1996 - 30 Haziran 1997 Necmettin Erbakan
63%
13 Aralık 1983 - 31 Ekim 1989 Turgut Özal
63%
7 Ağustos 1946 - 10 Eylül 1947 Recep Peker
50%
30 Mayıs 1960 - 5 Ocak 1961 Cemal Gürsel
38%
9 Temmuz 1942 - 7 Ağustos 1946 Şükrü Saracoğlu
38%
22 Kasım 1924 - 3 Mart 1925 Ali Fethi Okyar
25%
22 Mayıs 1972 - 15 Nisan 1973 Ferit Melen
13%
10 Eylül 1947 - 16 Ocak 1949 Hasan Saka
13%
15 Nisan 1973 - 26 Ocak 1974 Naim Talu
13%
25 Ocak 1939 - 8 Temmuz 1942 Refik Saydam
13%
21 Eylül 1980 - 13 Aralık 1983 Bülend Ulusu
0%
20 Kasım 1961 - 20 Şubat 1965 İsmet İnönü (3. Dönem)
0%
26 Mart 1971 - 22 Mayıs 1972 Nihat Erim
0%
17 Kasım 1974 - 31 Mart 1975 Sadi Irmak
0%
16 Ocak 1949 - 22 Mayıs 1950 Şemsettin Günaltay
0%
20 Şubat 1965 - 27 Ekim 1965 Suat Hayri Ürgüplü
0%
9 Kasım 1989 - 23 Haziran 1991 Yıldırım Akbulut
0%
No matching quizzes found
Score Distribution
Percent of People with Each Score
Percentile by Number Answered
Your Score History
You have not taken this quiz